Politický marketing a české politické strany volební kampaně v roce 2006

Salvato in:
Dettagli Bibliografici
Autore principale: Matušková, Anna
Natura: Libro
Lingua:ceco
Pubblicazione: Brno Masarykova univerzita - Mezinárodní politologický ústav 2010
Serie:Ediční řada Monografie svazek č. 32
Soggetti:
Tags: Aggiungi Tag
Nessun Tag, puoi essere il primo ad aggiungerne!!

MARC

LEADER 00000nam a2200000 4500
001 0126654
005 20240313090252.5
020 |a 978-80-210-5169-0 
041 0 |a cze 
044 |a CZ 
245 1 0 |a Politický marketing a české politické strany  |b volební kampaně v roce 2006  |c Anna Matušková 
264 1 |a Brno  |b Masarykova univerzita - Mezinárodní politologický ústav  |c 2010 
300 |a 174 s. 
490 1 |a Ediční řada Monografie  |v svazek č. 32 
830 0 |a Ediční řada Monografie  |v svazek č. 32 
610 2 0 |a kampane volebné 
610 2 0 |a politika 
610 2 0 |a marketing 
610 2 0 |a modely 
610 2 0 |a strany politické 
610 2 0 |a Česko 
100 1 |a Matušková, Anna